000 00408nam a2200145Ia 4500
005 20241127140135.0
008 200919s9999||||xx |||||||||||||| ||und||
020 _a9788185944630
082 _a820.9
_bCOM-H
100 _aCompton-Rickette, Arthur
245 0 _aHistory of English Literature
260 _aNew Delhi
_bUBS Publishers' Distributors Private Limited
_c2011
300 _a702p
942 _2lcc
_cBK
_n0
999 _c1619
_d1619